Bionicle #9 : (Record no. 5612)
[ view plain ]
| 000 -LEADER | |
|---|---|
| fixed length control field | 01402nam a22002537a 4500 |
| 001 - CONTROL NUMBER | |
| control field | 5612 |
| 003 - CONTROL NUMBER IDENTIFIER | |
| control field | FISKH |
| 005 - DATE AND TIME OF LATEST TRANSACTION | |
| control field | 20241220110655.0 |
| 008 - FIXED-LENGTH DATA ELEMENTS--GENERAL INFORMATION | |
| fixed length control field | 241220b cb ||||| |||| 00| 0 eng d |
| 020 ## - INTERNATIONAL STANDARD BOOK NUMBER | |
| International Standard Book Number | 9781597071932 |
| 040 ## - CATALOGING SOURCE | |
| Original cataloging agency | FISKH |
| Language of cataloging | eng |
| Transcribing agency | FISKH |
| Modifying agency | FISKH |
| 082 ## - DEWEY DECIMAL CLASSIFICATION NUMBER | |
| Classification number | 741.5973 |
| 100 ## - MAIN ENTRY--PERSONAL NAME | |
| Personal name | Farshtey, Greg |
| 245 ## - TITLE STATEMENT | |
| Title | Bionicle #9 : |
| Remainder of title | The fall of Atero / |
| Statement of responsibility, etc. | By Greg Farshtey Writer : Pop Mhan Artist |
| 260 ## - PUBLICATION, DISTRIBUTION, ETC. | |
| Place of publication, distribution, etc. | New York : |
| Name of publisher, distributor, etc. | Papercut ; |
| Date of publication, distribution, etc. | 2010. |
| 300 ## - PHYSICAL DESCRIPTION | |
| Extent | 96 unnumbered pages : |
| Other physical details | color illustrations ; |
| Dimensions | 20 cm . |
| 490 ## - SERIES STATEMENT | |
| Series statement | LEGO Bionicle Graphic Novels |
| Volume/sequential designation | Book 9 |
| 520 ## - SUMMARY, ETC. | |
| Summary, etc. | The BIONICLE Glatorian series begins in this graphic novel, exploring the world of Bara Magna, previously seen in BIONICLE Graphic Novel #8 "Legends of Bara Magna". In this harsh world that contains both deserts and snowy, mountain-like terrain, Glatorian matches much like the gladiator matches of ancient Rome are used to decide conflicts between rival tribes or enemies. The world is overrun by the dangerous Skrall, who decimate everything in their path. A world with rules and enemies unlikeany of the planets seen in previous BIONICLE graphic novels, "The Fall of Atero" presents a new setting with an all-new dynamic already a hit with fans. |
| 650 ## - SUBJECT ADDED ENTRY--TOPICAL TERM | |
| Topical term or geographic name entry element | bionicle |
| Form subdivision | Fiction |
| 650 ## - SUBJECT ADDED ENTRY--TOPICAL TERM | |
| Topical term or geographic name entry element | extraterrestrial life |
| Form subdivision | Fiction |
| 700 ## - ADDED ENTRY--PERSONAL NAME | |
| Personal name | Mhan, Pop |
| Relator term | illustrator |
| 942 ## - ADDED ENTRY ELEMENTS (KOHA) | |
| Source of classification or shelving scheme | Dewey Decimal Classification |
| Koha item type | Books |
| Suppress in OPAC | No |
| Withdrawn status | Lost status | Source of classification or shelving scheme | Damaged status | Not for loan | Collection | Home library | Current library | Shelving location | Date acquired | Total Checkouts | Full call number | Barcode | Date last seen | Date last checked out | Price effective from | Koha item type |
|---|---|---|---|---|---|---|---|---|---|---|---|---|---|---|---|---|
| Dewey Decimal Classification | Fiction | Footprints International School Library Network Toul Tom Poung Campus | Footprints International School Library Network Toul Tom Poung Campus | TTP Secondary Fiction Bookshelves | 12/20/2024 | 1 | FAR 741.5973 | FIS02674 | 09/11/2025 | 09/04/2025 | 12/20/2024 | Books |
